| 000 | 02495nam a2200313 i 4500 | ||
|---|---|---|---|
| 001 | 196368 | ||
| 003 | ES-MaACL | ||
| 005 | 20250720091911.0 | ||
| 008 | 240920b2024 sp ||||| |||| 00| 0 spa d | ||
| 017 |
_aZ 518-2024 _bOficina Depósito Legal Zaragoza |
||
| 020 | _a9788412820836 | ||
| 040 |
_bspa _cES-MaACL |
||
| 100 | 1 |
_aLucía Megías, José Manuel, _d1967- _eaut _9240291 |
|
| 245 |
_aTrento : _b(o el triunfo de la espera) / _cJosé Manuel Lucía Megías ; traducción al italiano de Claudia Demattè. |
||
| 260 |
_aZaragoza : _bOlifante, _c2024. |
||
| 300 |
_a73 páginas ; _c14 cm |
||
| 336 |
_2rdacontent _atexto |
||
| 337 |
_2rdamedia _asin mediación |
||
| 338 |
_2rdacarrier _avolumen |
||
| 520 | _aHora es de hacer notar que la sangre de esa desazón no llegará a teñir de sangre las límpidas aguas del río, porque los días académicos italianos tocarán a su fin, y los amantes volverán a reunirse como si el tiempo no hubiese pasado, dioses en el Olimpo de un amor que, a fuer de verdadero, no puede permitirse el más ligero desmayo, la más mínima huella de un olvido. José Manuel Lucía nos cuenta todo el proceso en versos sabios, conmovedores, palpitantes de vida y emoción. Como José Manuel ha estudiado en profundidad la lírica provenzal trovadoresca, el dolce stil novo y el petrarquismo, los laberintos amorosos son para él autopistas por donde deslizarse sin esfuerzo en el plano formal, por más que en el de contenido siga primando cierto grado de sufrimiento, imprescindible si quiere uno que su poesía cale en los ánimos lectores, como es el caso (o, al menos, es mi caso). Seguros de no defraudarte, te invitamos, lector, a pasear tus ojos y tu alma por las calles verbales de este Trento fantasmagórico que, de principio a fin, no es la histórica ciudad italiana, sino un espacio de desasosiego regido por la espera del amado. Luis Alberto de Cuenca | ||
| 700 |
_aDemattè, Claudia _etrl _9238870 |
||
| 852 |
_aES-MaACL _cDEPOJ _jN-10110 _gDedicatoria autógrafa del autor _hDonación: José Manuel Lucía Megías _xEncuadernación rústica con solapas _9206229 _zContiene postal con una fotografía del autor y un marcapáginas de la obra |
||
| 903 |
_aLucía Megías, José Manuel, _d1967- _ednr _9240291 |
||
| 942 |
_cMONOGRAFIA _n0 |
||
| 999 |
_c196368 _d196368 |
||